[Event "Vinnytsia"]
[Site "Vinnytsia"]
[Date "2016.03.29"]
[Round "1.1"]
[White "Romcovici, Victor"]
[Black "Buksa, Nataliya"]
[Result "1/2-1/2"]
[BlackElo "2310"]
[WhiteElo "2123"]
[LiveChessVersion "1.4.8"]

1. d4 {[%clk 1:30:44]} Nf6 {[%clk 1:30:49]} 2. Nf3 {[%clk 1:31:01]} g6
{[%clk 1:31:03]} 3. Nbd2 {[%clk 1:30:13]} d5 {[%clk 1:30:22]} 4. e3
{[%clk 1:30:35]} Bg7 {[%clk 1:29:43]} 5. Bd3 {[%clk 1:30:27]} O-O
{[%clk 1:28:06]} 6. O-O {[%clk 1:30:47]} c5 {[%clk 1:19:47]} 7. b3
{[%clk 1:30:21]} Nc6 {[%clk 1:16:10]} 8. a3 {[%clk 1:28:02]} Nd7 {[%clk 1:07:19]}
9. Bb2 {[%clk 1:21:21]} e5 {[%clk 1:06:53]} 10. dxe5 {[%clk 1:21:42]} Ndxe5
{[%clk 1:07:19]} 11. Nxe5 {[%clk 1:22:00]} Nxe5 {[%clk 1:07:44]} 12. Qc1
{[%clk 1:12:45]} Qe7 {[%clk 0:26:41]} 13. Be2 {[%clk 1:09:04]} b6
{[%clk 0:27:00]} 14. Nf3 {[%clk 1:09:15]} Bg4 {[%clk 0:26:18]} 15. Bxe5
{[%clk 1:05:19]} Bxe5 {[%clk 0:25:52]} 16. Nxe5 {[%clk 1:05:26]} Bxe2
{[%clk 0:26:20]} 17. Re1 {[%clk 1:05:25]} Qxe5 {[%clk 0:26:22]} 18. Rxe2
{[%clk 1:05:48]} Rad8 {[%clk 0:25:53]} 19. Qe1 {[%clk 1:05:32]} Rd6
{[%clk 0:22:21]} 20. a4 {[%clk 1:03:05]} Re8 {[%clk 0:21:06]} 21. Rd1
{[%clk 1:02:29]} Kg7 {[%clk 0:21:27]} 22. g3 {[%clk 1:00:19]} g5 {[%clk 0:14:10]}
23. Qd2 {[%clk 0:59:41]} g4 {[%clk 0:11:51]} 24. Qe1 {[%clk 0:43:29]} Ree6
{[%clk 0:08:37]} 25. Qf1 {[%clk 0:42:53]} d4 {[%clk 0:07:29]} 26. Rdd2
{[%clk 0:37:25]} dxe3 {[%clk 0:05:55]} 27. Rxd6 {[%clk 0:36:59]} exf2+
{[%clk 0:00:48]} 28. Rxf2 {[%clk 0:37:07]} Rxd6 {[%clk 0:01:10]} 29. Rxf7+
{[%clk 0:37:21]} Kg6 {[%clk 0:01:39]} 30. Rf4 {[%clk 0:35:19]} h5
{[%clk 0:02:05]} 31. Rf8 {[%clk 0:21:06]} Qe3+ {[%clk 0:02:14]} 32. Kh1
{[%clk 0:21:07]} Qe4+ {[%clk 0:02:25]} 33. Kg1 {[%clk 0:21:36]} Qd4+
{[%clk 0:02:07]} 34. Kg2 {[%clk 0:20:02]} Qe4+ {[%clk 0:02:29]} 35. Kg1
{[%clk 0:20:22]} Qe3+ {[%clk 0:02:56]} 36. Kh1 {[%clk 0:20:35]} Qe6
{[%clk 0:02:55]} 37. c3 {[%clk 0:19:09]} Qd7 {[%clk 0:01:12]} 38. Kg1
{[%clk 0:07:52]} h4 {[%clk 0:01:05]} 39. Qc4 {[%clk 0:06:13]} Rd1+
{[%clk 0:00:59]} 40. Rf1 {[%clk 0:02:04]} Rxf1+ {[%clk 0:01:21]} 41. Qxf1
{[%clk 0:02:23]} h3 {[%clk 0:01:44]} 42. Qe2 {[%clk 0:02:22]} Qf5
{[%clk 0:00:53]} 43. Qe8+ {[%clk 0:02:22]} Qf7 {[%clk 0:01:01]} 44. Qxf7+
{[%clk 0:02:02]} Kxf7 {[%clk 0:01:30]} 45. c4 {[%clk 0:02:07]} Ke6
{[%clk 0:01:39]} 46. Kf2 {[%clk 0:02:36]} Ke5 {[%clk 0:02:04]} 47. Ke3
{[%clk 0:03:00]} Kf5 {[%clk 0:02:09]} 48. Kd3 {[%clk 0:03:24]} Ke5
{[%clk 0:02:37]} 49. Ke3 {[%clk 0:03:49]} Kf5 {[%clk 0:03:04]} 1/2-1/2

[Event "Vinnytsia"]
[Site "Vinnytsia"]
[Date "2016.03.29"]
[Round "1.2"]
[White "Gudok, Viktor"]
[Black "Bykovskiy, Oleg"]
[Result "0-1"]
[BlackElo "2229"]
[WhiteElo "2211"]
[LiveChessVersion "1.4.8"]

1. e4 {[%clk 1:30:45]} d5 {[%clk 1:30:59]} 2. exd5 {[%clk 1:31:06]} Nf6
{[%clk 1:31:28]} 3. d4 {[%clk 1:30:46]} Nxd5 {[%clk 1:31:50]} 4. Nc3
{[%clk 1:30:46]} Nxc3 5. bxc3 {[%clk 1:31:09]} g6 {[%clk 1:32:13]} 6. Nf3
{[%clk 1:27:22]} Bg7 {[%clk 1:32:35]} 7. Be3 {[%clk 1:26:56]} O-O
{[%clk 1:32:58]} 8. Bd3 {[%clk 1:26:43]} c5 {[%clk 1:30:23]} 9. O-O
{[%clk 1:24:20]} Qa5 {[%clk 1:26:18]} 10. Re1 {[%clk 1:14:38]} Nc6
{[%clk 1:13:30]} 11. Rb1 {[%clk 1:07:46]} Qxa2 {[%clk 1:09:34]} 12. Qd2
{[%clk 0:53:36]} Rd8 {[%clk 0:57:41]} 13. c4 {[%clk 0:40:30]} cxd4
{[%clk 0:52:08]} 14. Bf4 {[%clk 0:32:19]} Qa3 {[%clk 0:50:31]} 15. h4
{[%clk 0:27:54]} e6 {[%clk 0:38:22]} 16. h5 {[%clk 0:23:25]} Qe7 {[%clk 0:36:53]}
17. Bh6 {[%clk 0:19:05]} Bf6 {[%clk 0:32:32]} 18. Be4 {[%clk 0:16:12]} a5
{[%clk 0:30:40]} 19. Rb5 {[%clk 0:15:38]} a4 {[%clk 0:26:07]} 20. hxg6
{[%clk 0:10:33]} fxg6 {[%clk 0:25:34]} 21. Qd3 {[%clk 0:09:55]} Nb4
{[%clk 0:18:13]} 22. Qd2 {[%clk 0:07:48]} Na2 {[%clk 0:17:27]} 23. Rg5
{[%clk 0:06:21]} Qf7 {[%clk 0:08:43]} 24. Nh2 {[%clk 0:04:55]} Nc3
{[%clk 0:08:39]} 25. Ng4 {[%clk 0:02:55]} a3 {[%clk 0:05:28]} 26. Qf4
{[%clk 0:02:37]} Bh8 {[%clk 0:05:35]} 27. Rxg6+ {[%clk 0:02:07]} hxg6
{[%clk 0:05:51]} 28. Qg5 {[%clk 0:02:36]} Nxe4 {[%clk 0:04:10]} 29. Qxd8+
{[%clk 0:02:46]} Kh7 {[%clk 0:04:39]} 30. Rxe4 {[%clk 0:03:27]} a2
{[%clk 0:03:23]} 31. Nf6+ {[%clk 0:03:35]} Bxf6 {[%clk 0:03:45]} 0-1

[Event "Vinnytsia"]
[Site "Vinnytsia"]
[Date "2016.03.29"]
[Round "1.3"]
[White "Matviishen, Viktor"]
[Black "Morozov, Nichita"]
[Result "1/2-1/2"]
[BlackElo "2372"]
[WhiteElo "2349"]
[LiveChessVersion "1.4.8"]

1. Nf3 {[%clk 1:30:44]} d5 {[%clk 1:30:37]} 2. g3 {[%clk 1:29:47]} Nf6
{[%clk 1:30:44]} 3. c4 dxc4 {[%clk 1:28:58]} 4. Qa4+ {[%clk 1:27:07]} Bd7
{[%clk 1:24:49]} 5. Qxc4 {[%clk 1:27:27]} Bc6 {[%clk 1:25:12]} 6. Bg2
{[%clk 1:27:15]} e6 {[%clk 1:25:08]} 7. O-O {[%clk 1:26:24]} Be7 {[%clk 1:25:01]}
8. Nc3 {[%clk 1:21:49]} O-O {[%clk 1:24:26]} 9. d4 {[%clk 0:55:15]} Nbd7
{[%clk 1:22:27]} 10. Rd1 {[%clk 0:46:16]} Nb6 {[%clk 1:16:17]} 11. Qd3
{[%clk 0:46:15]} Na4 {[%clk 1:15:15]} 12. Ng5 {[%clk 0:41:11]} Nxc3
{[%clk 1:13:16]} 13. bxc3 {[%clk 0:41:03]} Bxg2 {[%clk 1:13:43]} 14. Kxg2
{[%clk 0:41:26]} h6 {[%clk 1:12:46]} 15. Nf3 {[%clk 0:41:38]} Qd5
{[%clk 1:11:30]} 16. Rb1 {[%clk 0:31:17]} b6 {[%clk 1:09:33]} 17. c4
{[%clk 0:28:20]} Qe4 {[%clk 1:09:13]} 18. Rb3 {[%clk 0:27:34]} c5
{[%clk 1:04:01]} 19. Qxe4 {[%clk 0:18:39]} Nxe4 {[%clk 1:04:24]} 20. Re3
{[%clk 0:11:22]} Nd6 {[%clk 1:04:34]} 21. dxc5 {[%clk 0:11:12]} Nxc4
{[%clk 1:03:14]} 22. Re4 {[%clk 0:10:48]} b5 {[%clk 1:03:29]} 23. a4
{[%clk 0:03:27]} a6 {[%clk 1:03:24]} 24. axb5 {[%clk 0:03:51]} axb5
{[%clk 1:03:51]} 25. Nd4 {[%clk 0:03:45]} Rfd8 {[%clk 1:02:41]} 26. c6
{[%clk 0:01:42]} Rd5 {[%clk 0:49:46]} 27. Nxb5 {[%clk 0:01:10]} Rxd1
{[%clk 0:50:10]} 28. Rxc4 {[%clk 0:01:39]} Rdd8 {[%clk 0:49:26]} 29. c7
{[%clk 0:01:46]} Rdc8 {[%clk 0:49:51]} 30. Be3 {[%clk 0:02:02]} Kf8
{[%clk 0:48:35]} 31. Na7 {[%clk 0:01:54]} Bd6 {[%clk 0:46:44]} 32. Nxc8
{[%clk 0:02:02]} Rxc8 {[%clk 0:47:10]} 33. Bb6 {[%clk 0:01:22]} Ke7
{[%clk 0:47:36]} 34. Rg4 {[%clk 0:01:15]} g6 {[%clk 0:47:51]} 35. h4
{[%clk 0:00:52]} Bxc7 {[%clk 0:46:33]} 36. Rc4 {[%clk 0:01:17]} Kd7
{[%clk 0:46:59]} 37. Bxc7 {[%clk 0:00:41]} Rxc7 {[%clk 0:47:26]} 38. Rd4+
{[%clk 0:00:38]} Ke7 {[%clk 0:47:50]} 1/2-1/2

[Event "Vinnytsia"]
[Site "Vinnytsia"]
[Date "2016.03.29"]
[Round "1.4"]
[White "Macovei, Andrei"]
[Black "Skliarov, Viktor"]
[Result "1/2-1/2"]
[BlackElo "2436"]
[WhiteElo "2326"]
[LiveChessVersion "1.4.8"]

1. e4 {[%clk 1:30:55]} c5 {[%clk 1:30:52]} 2. Nf3 {[%clk 1:31:15]} Nc6
{[%clk 1:31:17]} 3. d4 {[%clk 1:31:37]} cxd4 4. Nxd4 {[%clk 1:32:02]} Nf6
{[%clk 1:32:06]} 5. Nc3 {[%clk 1:32:27]} e5 {[%clk 1:32:32]} 6. Ndb5
{[%clk 1:32:19]} d6 {[%clk 1:32:57]} 7. Bg5 {[%clk 1:32:42]} a6 {[%clk 1:33:23]}
8. Na3 {[%clk 1:32:58]} b5 {[%clk 1:33:48]} 9. Nd5 {[%clk 1:33:22]} Be7
{[%clk 1:34:13]} 10. Bxf6 Bxf6 {[%clk 1:34:38]} 11. c4 {[%clk 1:34:14]} b4
{[%clk 1:34:50]} 12. Nc2 {[%clk 1:34:38]} a5 {[%clk 1:35:18]} 13. g3
{[%clk 1:31:24]} Bg5 {[%clk 1:35:23]} 14. Bg2 {[%clk 1:29:52]} O-O
{[%clk 1:35:44]} 15. O-O {[%clk 1:30:09]} Be6 {[%clk 1:30:38]} 16. Qd3
{[%clk 1:26:09]} Ne7 {[%clk 1:26:51]} 17. h4 {[%clk 1:24:24]} Bh6
{[%clk 1:20:58]} 18. Nxe7+ {[%clk 1:10:27]} Qxe7 {[%clk 1:21:20]} 19. Rfd1
{[%clk 1:10:55]} Rfd8 {[%clk 1:19:48]} 20. b3 {[%clk 1:11:06]} g6
{[%clk 1:07:50]} 21. Bf3 {[%clk 0:54:17]} Qc7 {[%clk 0:43:12]} 22. a3
{[%clk 0:49:55]} bxa3 {[%clk 0:35:08]} 23. Nxa3 {[%clk 0:50:19]} Qc5
{[%clk 0:34:52]} 24. Nb5 {[%clk 0:49:49]} a4 {[%clk 0:34:52]} 25. Rxa4
{[%clk 0:49:22]} Rxa4 {[%clk 0:35:16]} 26. bxa4 {[%clk 0:49:50]} Bf8
{[%clk 0:35:12]} 27. Be2 {[%clk 0:36:58]} Ra8 {[%clk 0:27:34]} 28. Ra1
{[%clk 0:33:48]} Be7 {[%clk 0:22:29]} 29. Kg2 {[%clk 0:13:04]} h5
{[%clk 0:19:20]} 30. Nc3 {[%clk 0:11:32]} Bd8 {[%clk 0:18:27]} 31. Nd5
{[%clk 0:11:55]} Bd7 {[%clk 0:17:34]} 32. Bd1 {[%clk 0:10:13]} Kg7
{[%clk 0:17:19]} 33. Rb1 {[%clk 0:09:49]} Bc6 {[%clk 0:11:35]} 34. Rb2
{[%clk 0:09:50]} Rc8 {[%clk 0:10:14]} 35. Qe3 {[%clk 0:06:48]} Qxc4
{[%clk 0:05:13]} 36. Bb3 {[%clk 0:05:59]} Qd4 {[%clk 0:04:46]} 37. Qxd4
{[%clk 0:04:28]} exd4 {[%clk 0:05:12]} 38. Rc2 {[%clk 0:04:40]} f5
{[%clk 0:03:23]} 39. f3 {[%clk 0:04:01]} fxe4 {[%clk 0:03:33]} 40. fxe4
{[%clk 0:04:30]} Ba5 {[%clk 0:03:33]} 41. Rc4 {[%clk 0:04:43]} Bxd5
{[%clk 0:02:17]} 42. exd5 {[%clk 0:05:10]} Rb8 {[%clk 0:02:42]} 43. Bc2
{[%clk 0:05:30]} Rb2 {[%clk 0:02:11]} 44. Kf3 {[%clk 0:05:59]} Bc3
{[%clk 0:01:42]} 45. Be4 {[%clk 0:05:55]} Bb4 {[%clk 0:00:45]} 46. Rc7+
{[%clk 0:05:24]} Kf6 {[%clk 0:00:58]} 47. Rb7 {[%clk 0:05:53]} Rb3+
{[%clk 0:00:55]} 48. Kg2 {[%clk 0:06:14]} Rb2+ {[%clk 0:01:21]} 49. Kf3
{[%clk 0:06:34]} 1/2-1/2

[Event "Vinnytsia"]
[Site "Vinnytsia"]
[Date "2016.03.29"]
[Round "1.5"]
[White "Itkis, Boris"]
[Black "Tregubov, Vadim"]
[Result "1/2-1/2"]
[BlackElo "2305"]
[WhiteElo "2372"]
[LiveChessVersion "1.4.8"]

1. d4 {[%clk 1:30:56]} c5 {[%clk 1:30:45]} 2. d5 {[%clk 1:31:16]} d6
{[%clk 1:31:06]} 3. Nc3 {[%clk 1:30:41]} g6 {[%clk 1:31:05]} 4. e4
{[%clk 1:30:55]} Bg7 {[%clk 1:31:27]} 5. Nf3 {[%clk 1:30:25]} Nf6
{[%clk 1:31:33]} 6. Be2 {[%clk 1:30:31]} O-O {[%clk 1:28:50]} 7. O-O
{[%clk 1:30:56]} Bg4 {[%clk 1:26:18]} 8. Re1 {[%clk 1:25:03]} Nbd7
{[%clk 1:22:33]} 9. h3 {[%clk 1:21:24]} Bxf3 {[%clk 1:22:17]} 10. Bxf3
{[%clk 1:21:52]} a6 {[%clk 1:20:13]} 11. a4 {[%clk 1:22:16]} Qa5 {[%clk 1:19:12]}
12. Bd2 {[%clk 1:21:49]} Rfe8 {[%clk 1:08:09]} 13. Be2 {[%clk 1:14:56]} Rac8
{[%clk 0:52:39]} 14. Bf1 {[%clk 1:09:25]} c4 {[%clk 0:50:55]} 15. Nb5
{[%clk 0:48:37]} Qd8 {[%clk 0:45:13]} 16. Na3 {[%clk 0:48:59]} c3
{[%clk 0:33:14]} 17. Bxc3 {[%clk 0:49:11]} Rxc3 {[%clk 0:33:38]} 18. bxc3
{[%clk 0:49:29]} Nc5 {[%clk 0:33:21]} 19. e5 {[%clk 0:41:43]} dxe5
{[%clk 0:32:16]} 20. Nc4 {[%clk 0:42:08]} Nfe4 {[%clk 0:21:14]} 21. Ra3
{[%clk 0:38:57]} Qb8 {[%clk 0:13:44]} 22. a5 {[%clk 0:33:19]} Nd6
{[%clk 0:10:42]} 23. Nxe5 {[%clk 0:23:39]} Bxe5 {[%clk 0:09:23]} 1/2-1/2

[Event "Vinnytsia"]
[Site "Vinnytsia"]
[Date "2016.03.30"]
[Round "2.1"]
[White "Buksa, Nataliya"]
[Black "Tregubov, Vadim"]
[Result "0-1"]
[BlackElo "2305"]
[WhiteElo "2310"]
[LiveChessVersion "1.4.8"]

1. e4 {[%clk 1:30:50]} c5 {[%clk 1:20:53]} 2. Nf3 {[%clk 1:29:52]} d6
{[%clk 1:21:18]} 3. d4 {[%clk 1:30:10]} cxd4 {[%clk 1:21:41]} 4. Nxd4
{[%clk 1:30:36]} Nf6 {[%clk 1:22:05]} 5. Nc3 {[%clk 1:30:45]} a6 {[%clk 1:22:28]}
6. Bg5 {[%clk 1:30:57]} e6 {[%clk 1:22:53]} 7. f4 {[%clk 1:31:16]} Be7
{[%clk 1:23:04]} 8. Qf3 {[%clk 1:31:15]} Qc7 {[%clk 1:22:59]} 9. O-O-O
{[%clk 1:30:22]} h6 {[%clk 1:23:21]} 10. Bh4 {[%clk 1:29:27]} Nbd7
{[%clk 1:23:42]} 11. Be2 {[%clk 1:28:30]} Rg8 {[%clk 1:16:41]} 12. Bg3
{[%clk 0:59:09]} b5 {[%clk 1:06:12]} 13. e5 {[%clk 0:36:19]} Bb7 {[%clk 1:05:45]}
14. Ndxb5 {[%clk 0:25:19]} axb5 {[%clk 1:05:35]} 15. Nxb5 {[%clk 0:25:49]} Qb8
{[%clk 0:52:53]} 16. Qc3 {[%clk 0:21:23]} Ne4 {[%clk 0:52:21]} 17. Nxd6+
{[%clk 0:14:15]} Bxd6 {[%clk 0:51:06]} 18. Qd4 {[%clk 0:14:42]} Rxa2
{[%clk 0:51:16]} 19. Kb1 {[%clk 0:15:10]} Bd5 {[%clk 0:45:08]} 20. exd6
{[%clk 0:10:14]} Ra1+ {[%clk 0:45:21]} 0-1

[Event "Vinnytsia"]
[Site "Vinnytsia"]
[Date "2016.03.30"]
[Round "2.2"]
[White "Bykovskiy, Oleg"]
[Black "Matviishen, Viktor"]
[Result "1-0"]
[BlackElo "2349"]
[WhiteElo "2229"]
[LiveChessVersion "1.4.8"]

1. e4 {[%clk 1:30:59]} c5 {[%clk 1:30:53]} 2. Nf3 {[%clk 1:31:27]} e6
{[%clk 1:31:16]} 3. d3 {[%clk 1:31:53]} Nc6 {[%clk 1:31:15]} 4. g3
{[%clk 1:32:21]} d5 {[%clk 1:31:33]} 5. Nbd2 {[%clk 1:32:36]} Bd6
{[%clk 1:31:48]} 6. Bg2 {[%clk 1:33:00]} Nge7 {[%clk 1:32:11]} 7. O-O
{[%clk 1:33:23]} O-O {[%clk 1:32:28]} 8. Nh4 {[%clk 1:33:44]} b5 {[%clk 1:14:52]}
9. f4 {[%clk 1:29:56]} c4 {[%clk 1:12:34]} 10. Kh1 {[%clk 1:25:21]} f6
{[%clk 0:59:08]} 11. f5 {[%clk 1:11:51]} cxd3 {[%clk 0:40:13]} 12. cxd3
{[%clk 1:11:07]} e5 {[%clk 0:28:50]} 13. exd5 {[%clk 1:08:58]} Nb4
{[%clk 0:29:11]} 14. Ne4 {[%clk 1:08:28]} Bb7 {[%clk 0:27:33]} 15. g4
{[%clk 1:01:29]} h6 {[%clk 0:11:43]} 16. g5 {[%clk 1:00:04]} fxg5
{[%clk 0:11:32]} 17. f6 {[%clk 0:54:57]} Qd7 {[%clk 0:02:28]} 18. Qh5
{[%clk 0:49:51]} Bxd5 {[%clk 0:00:37]} 19. Bxg5 {[%clk 0:46:15]} Bf7
{[%clk 0:01:00]} 20. Qf3 {[%clk 0:46:34]} hxg5 21. fxg7 {[%clk 0:46:40]} Ned5
{[%clk 0:00:33]} 22. Nf5 {[%clk 0:34:03]} Bg6 {[%clk 0:00:41]} 23. gxf8=Q+
{[%clk 0:34:12]} Rxf8 {[%clk 0:01:10]} 24. Nexd6 {[%clk 0:34:33]} Nf4
{[%clk 0:01:22]} 25. Qe4 {[%clk 0:34:23]} Nc2 {[%clk 0:00:34]} 26. Rxf4
{[%clk 0:32:18]} gxf4 27. Ne7+ {[%clk 0:32:38]} Qxe7 {[%clk 0:01:30]} 28. Qxg6+
{[%clk 0:33:06]} Kh8 {[%clk 0:01:44]} 29. Qh6+ {[%clk 0:33:27]} 1-0

[Event "Vinnytsia"]
[Site "Vinnytsia"]
[Date "2016.03.30"]
[Round "2.3"]
[White "Romcovici, Victor"]
[Black "Gudok, Viktor"]
[Result "0-1"]
[BlackElo "2211"]
[WhiteElo "2123"]
[LiveChessVersion "1.4.8"]

1. d4 {[%clk 1:28:50]} Nf6 {[%clk 1:30:04]} 2. Bg5 {[%clk 1:27:45]} c5
{[%clk 1:30:25]} 3. d5 {[%clk 1:27:36]} Ne4 {[%clk 1:30:22]} 4. Bf4
{[%clk 1:22:34]} Qb6 {[%clk 1:30:25]} 5. Bc1 {[%clk 1:21:24]} g6 {[%clk 1:20:05]}
6. f3 {[%clk 1:20:54]} Nf6 {[%clk 1:18:10]} 7. e4 {[%clk 1:21:05]} d6
{[%clk 1:18:01]} 8. Na3 {[%clk 1:21:18]} Bg7 {[%clk 1:18:07]} 9. Nc4
{[%clk 1:21:38]} Qc7 {[%clk 1:18:32]} 10. a4 {[%clk 1:21:56]} O-O
{[%clk 1:18:43]} 11. Ne2 {[%clk 1:12:21]} b6 {[%clk 1:13:55]} 12. Nc3
{[%clk 1:12:31]} a6 {[%clk 1:14:06]} 13. Be2 {[%clk 1:11:01]} Bb7
{[%clk 1:13:17]} 14. O-O {[%clk 1:10:55]} Re8 {[%clk 1:12:44]} 15. f4
{[%clk 1:08:26]} e6 {[%clk 1:05:11]} 16. dxe6 {[%clk 1:05:03]} Rxe6
{[%clk 0:52:02]} 17. f5 {[%clk 1:03:13]} Rxe4 {[%clk 0:46:50]} 18. Nxe4
{[%clk 1:03:19]} Nxe4 {[%clk 0:47:10]} 19. fxg6 {[%clk 0:59:42]} hxg6
{[%clk 0:46:06]} 20. c3 {[%clk 0:53:01]} b5 {[%clk 0:41:00]} 21. axb5
{[%clk 0:53:15]} axb5 {[%clk 0:41:24]} 22. Rxa8 {[%clk 0:53:37]} Bxa8
{[%clk 0:41:51]} 23. Ne3 {[%clk 0:52:06]} c4 {[%clk 0:38:31]} 24. Bf3
{[%clk 0:49:18]} Nd7 {[%clk 0:37:50]} 25. Qe1 {[%clk 0:45:03]} Ndc5
{[%clk 0:33:37]} 26. Qh4 {[%clk 0:43:11]} f5 {[%clk 0:32:46]} 27. Nd1
{[%clk 0:40:04]} Ne6 {[%clk 0:18:58]} 28. Be3 {[%clk 0:39:24]} g5
{[%clk 0:16:16]} 29. Qh5 {[%clk 0:35:58]} Qf7 {[%clk 0:12:43]} 30. Qxf7+
{[%clk 0:34:46]} Kxf7 {[%clk 0:13:08]} 31. Bg4 {[%clk 0:28:58]} f4
{[%clk 0:12:43]} 32. g3 {[%clk 0:29:10]} Ke7 {[%clk 0:05:37]} 33. gxf4
{[%clk 0:28:55]} gxf4 {[%clk 0:05:47]} 34. Bxf4 {[%clk 0:28:50]} Nxf4
{[%clk 0:05:44]} 35. Rxf4 {[%clk 0:29:10]} Be5 {[%clk 0:05:11]} 36. Rf5
{[%clk 0:28:50]} Nc5 {[%clk 0:04:05]} 37. Bf3 {[%clk 0:28:40]} Bxf3
{[%clk 0:04:15]} 38. Rxf3 {[%clk 0:29:09]} Nd3 {[%clk 0:04:22]} 39. h4
{[%clk 0:28:53]} d5 {[%clk 0:03:59]} 40. h5 {[%clk 0:28:27]} d4 {[%clk 0:03:10]}
41. h6 {[%clk 0:28:44]} Nxb2 {[%clk 0:02:39]} 42. Nxb2 {[%clk 0:11:40]} dxc3
{[%clk 0:02:59]} 43. Nxc4 {[%clk 0:12:03]} Bd4+ {[%clk 0:02:00]} 44. Kg2
{[%clk 0:12:18]} bxc4 {[%clk 0:02:09]} 45. Kh3 {[%clk 0:10:57]} Kd6
{[%clk 0:01:56]} 46. Kg4 {[%clk 0:10:26]} Kc5 {[%clk 0:02:11]} 47. Kf5
{[%clk 0:10:40]} Kb4 {[%clk 0:02:29]} 48. Ke4 {[%clk 0:10:54]} c2
{[%clk 0:02:25]} 49. Rf1 {[%clk 0:11:16]} Bh8 {[%clk 0:02:42]} 50. Kd5
{[%clk 0:06:51]} Kb3 {[%clk 0:02:31]} 51. h7 {[%clk 0:05:17]} c3 {[%clk 0:02:46]}
0-1

[Event "Vinnytsia"]
[Site "Vinnytsia"]
[Date "2016.03.30"]
[Round "2.4"]
[White "Skliarov, Viktor"]
[Black "Itkis, Boris"]
[Result "1/2-1/2"]
[BlackElo "2372"]
[WhiteElo "2436"]
[LiveChessVersion "1.4.8"]

1. e4 {[%clk 1:30:57]} e6 {[%clk 1:30:46]} 2. d4 {[%clk 1:31:07]} d5
{[%clk 1:31:06]} 3. e5 {[%clk 1:31:33]} c5 {[%clk 1:31:29]} 4. c3
{[%clk 1:31:58]} Nc6 {[%clk 1:31:54]} 5. Nf3 {[%clk 1:32:24]} Qb6
{[%clk 1:32:15]} 6. a3 {[%clk 1:32:49]} Nh6 {[%clk 1:31:47]} 7. b4
{[%clk 1:31:46]} cxd4 {[%clk 1:31:41]} 8. Bxh6 {[%clk 1:32:08]} gxh6
{[%clk 1:32:06]} 9. cxd4 {[%clk 1:32:35]} Bd7 {[%clk 1:30:23]} 10. Be2
{[%clk 1:32:26]} Rc8 {[%clk 1:25:11]} 11. Ra2 {[%clk 1:22:45]} Bg7
{[%clk 1:22:48]} 12. Rc2 {[%clk 1:14:40]} O-O {[%clk 1:22:39]} 13. O-O
{[%clk 1:04:47]} f6 {[%clk 1:15:13]} 14. exf6 {[%clk 1:03:05]} Bxf6
{[%clk 1:13:05]} 15. Rc5 {[%clk 1:02:06]} a5 {[%clk 1:08:59]} 16. bxa5
{[%clk 0:47:09]} Nxa5 {[%clk 1:07:55]} 17. Rxc8 {[%clk 0:44:05]} Rxc8
{[%clk 1:07:16]} 18. Ne5 {[%clk 0:39:03]} 1/2-1/2

[Event "Vinnytsia"]
[Site "Vinnytsia"]
[Date "2016.03.30"]
[Round "2.5"]
[White "Morozov, Nichita"]
[Black "Macovei, Andrei"]
[Result "1-0"]
[BlackElo "2326"]
[WhiteElo "2372"]
[LiveChessVersion "1.4.8"]

1. d4 {[%clk 1:30:57]} Nf6 {[%clk 1:30:45]} 2. c4 {[%clk 1:31:25]} g6
{[%clk 1:30:26]} 3. Nc3 {[%clk 1:31:52]} Bg7 {[%clk 1:30:41]} 4. e4
{[%clk 1:32:18]} d6 {[%clk 1:31:08]} 5. Nf3 {[%clk 1:32:41]} Bg4 {[%clk 1:27:53]}
6. Qb3 {[%clk 1:24:18]} O-O {[%clk 1:00:07]} 7. e5 {[%clk 1:19:51]} Nh5
{[%clk 0:57:33]} 8. Qxb7 {[%clk 1:18:28]} Nd7 {[%clk 0:57:58]} 9. Ng5
{[%clk 1:01:57]} dxe5 {[%clk 0:43:52]} 10. d5 {[%clk 1:02:18]} Bf5
{[%clk 0:33:41]} 11. Nge4 {[%clk 0:58:41]} e6 {[%clk 0:29:59]} 12. Bg5
{[%clk 0:56:22]} f6 {[%clk 0:29:06]} 13. Be3 {[%clk 0:56:14]} Nb6
{[%clk 0:24:05]} 14. Nc5 {[%clk 0:42:34]} exd5 {[%clk 0:23:47]} 15. cxd5
{[%clk 0:41:24]} Qe7 {[%clk 0:20:02]} 16. Rd1 {[%clk 0:30:41]} Qf7
{[%clk 0:18:28]} 17. Bb5 {[%clk 0:28:48]} Rfd8 {[%clk 0:16:08]} 18. Na6
{[%clk 0:26:53]} Rac8 {[%clk 0:13:34]} 19. O-O {[%clk 0:26:22]} Nf4
{[%clk 0:12:41]} 20. Bc6 {[%clk 0:17:42]} Bf8 {[%clk 0:12:05]} 21. Qxa7
{[%clk 0:17:29]} Nfxd5 {[%clk 0:12:00]} 22. Nxd5 {[%clk 0:15:51]} Nxd5
{[%clk 0:12:29]} 23. Bb7 {[%clk 0:12:41]} Nxe3 {[%clk 0:11:14]} 24. Qxe3
{[%clk 0:13:05]} Rxd1 {[%clk 0:11:31]} 25. Rxd1 {[%clk 0:13:33]} Re8
{[%clk 0:11:54]} 26. Bc6 {[%clk 0:13:49]} Rc8 {[%clk 0:11:56]} 27. Bb7
{[%clk 0:13:31]} Re8 {[%clk 0:12:19]} 28. Bc6 {[%clk 0:13:59]} Rc8
{[%clk 0:12:09]} 29. Nc5 {[%clk 0:12:57]} Qe7 {[%clk 0:11:55]} 30. b4
{[%clk 0:12:55]} Rd8 {[%clk 0:12:11]} 31. Qb3+ {[%clk 0:10:40]} Kg7
{[%clk 0:12:31]} 32. a4 {[%clk 0:09:16]} Rd6 {[%clk 0:12:17]} 33. Rxd6
{[%clk 0:08:10]} Qxd6 {[%clk 0:12:46]} 34. Qd5 {[%clk 0:08:35]} Qxd5
{[%clk 0:12:13]} 35. Bxd5 {[%clk 0:09:02]} Bc8 {[%clk 0:10:55]} 36. a5
{[%clk 0:09:21]} f5 {[%clk 0:10:32]} 37. Bc4 {[%clk 0:06:47]} Kf6
{[%clk 0:09:59]} 38. a6 {[%clk 0:05:19]} Bxc5 {[%clk 0:10:28]} 39. bxc5
{[%clk 0:05:45]} c6 {[%clk 0:10:44]} 40. a7 {[%clk 0:05:48]} Bb7 {[%clk 0:11:14]}
41. f3 {[%clk 0:05:27]} e4 {[%clk 0:08:21]} 42. f4 {[%clk 0:05:01]} Ba8
{[%clk 0:07:49]} 43. Kf2 {[%clk 0:05:24]} Bb7 {[%clk 0:08:14]} 44. Ke3
{[%clk 0:05:47]} Ba8 {[%clk 0:08:32]} 45. g3 {[%clk 0:05:24]} Bb7
{[%clk 0:08:57]} 46. Kd4 {[%clk 0:05:18]} Ba8 {[%clk 0:09:23]} 47. Kc3
{[%clk 0:04:53]} Ke7 {[%clk 0:09:50]} 48. Kb4 {[%clk 0:05:08]} Kd7
{[%clk 0:10:14]} 49. Bg8 {[%clk 0:05:30]} Ke7 {[%clk 0:10:08]} 50. h4
{[%clk 0:05:16]} h5 {[%clk 0:09:52]} 51. Bc4 {[%clk 0:05:12]} Ke8
{[%clk 0:10:01]} 52. Ka5 {[%clk 0:04:55]} Kd7 {[%clk 0:10:21]} 53. Bf7
{[%clk 0:03:02]} Ke7 {[%clk 0:10:38]} 54. Bxg6 {[%clk 0:03:14]} Ke6
{[%clk 0:10:47]} 55. Bxh5 {[%clk 0:03:28]} Kd5 {[%clk 0:11:15]} 56. Kb6
{[%clk 0:03:53]} Kd4 {[%clk 0:11:37]} 57. Kc7 1-0

[Event "Vinnytsia"]
[Site "?"]
[Date "2016.03.30"]
[Round "3.1"]
[White "Gudok, Viktor"]
[Black "Buksa, Nataliya"]
[Result "1/2-1/2"]
[WhiteElo "2211"]
[BlackElo "2310"]
[PlyCount "100"]
[EventDate "2016.??.??"]

1. e4 e5 2. Nf3 Nc6 3. Bb5 f5 4. d3 fxe4 5. dxe4 Nf6 6. O-O Bc5 7. Bxc6 bxc6 8.
Nxe5 O-O 9. Qd3 Qe7 10. Qb3+ Kh8 11. Nd3 Nxe4 12. Nxc5 Qxc5 13. Be3 Qf5 14. Qd3
d6 15. f3 Nf6 16. Qxf5 Bxf5 17. Na3 Nd5 18. Bf2 Rfe8 19. Rfe1 Nb4 20. g4 Bd7
21. Rxe8+ Bxe8 22. Be1 Nd5 23. c4 Nb6 24. b3 c5 25. Bc3 Kg8 26. Re1 Kf7 27. Kf2
Bc6 28. Nc2 g6 29. h4 a5 30. Ne3 a4 31. h5 axb3 32. axb3 Ra3 33. hxg6+ hxg6 34.
Rb1 Nd7 35. Kg3 Nf8 36. f4 Be4 37. Rb2 Ne6 38. f5 Nd4 39. Kf4 Bd3 40. Bxd4 cxd4
41. fxg6+ Kxg6 42. Nf5 Bxf5 43. gxf5+ Kf6 44. Ke4 d3 45. Kxd3 Kxf5 46. c5 dxc5
47. Kc4 Ke6 48. Rd2 Ra5 49. Rd8 c6 50. Rh8 Kd6 1/2-1/2